[Event "Ì15Ï"]
[Site "Loo"]
[Date "2017.04.25"]
[Round "6.18"]
[White "Êðàâöîâ, Ìàêñèì."]
[Black "Òÿïêèí, Ïåòð."]
[Result "0-1"]
[WhiteElo "1766"]
[BlackElo "1960"]
[PlyCount "74"]
[EventDate "2017.04.20"]

1. d4 Nf6 2. c4 g6 3. Nc3 Bg7 4. e4 d6 5. h3 O-O 6. Bg5 b6 7. Bd3 Bb7 8. Nge2
c5 9. d5 a6 10. O-O Qc7 11. Qd2 Re8 12. f4 Nbd7 13. g4 b5 14. Ng3 bxc4 15. Bxc4
Nb6 16. b3 Nxc4 17. bxc4 Nd7 18. Nge2 Qa5 19. Rac1 Rab8 20. Rc2 Ba8 21. Nd1 Qa3
22. Nf2 Qb4 23. Nd3 Qxd2 24. Rxd2 a5 25. Rc2 Bb7 26. Rb1 Ba6 27. Rxb8 Nxb8 28.
Bh4 Nd7 29. Be1 Nb6 30. Bxa5 Nxc4 31. Be1 Na3 32. Rd2 c4 33. Ndc1 c3 34. Rd1 c2
35. Rd2 Rb8 36. Nd4 Rb1 37. Ndb3 Bc4 0-1

[Event "Ì15Ï"]
[Site "Loo"]
[Date "2017.04.25"]
[Round "6.19"]
[White "Ãàãàðèí, Âàñèëèé."]
[Black "Áîíäàðåíêî, Àðò¸ì."]
[Result "1/2-1/2"]
[WhiteElo "1956"]
[BlackElo "1720"]
[PlyCount "96"]
[EventDate "2017.04.20"]

1. e4 e5 2. Nf3 Nc6 3. Bc4 Bc5 4. O-O d6 5. c3 Qe7 6. a4 a6 7. b4 Ba7 8. Na3
Nf6 9. d3 Bg4 10. h3 Bd7 11. Nc2 h6 12. Be3 g5 13. Bxa7 Rxa7 14. Ne3 g4 15.
hxg4 Bxg4 16. Nxg4 Nxg4 17. g3 Rg8 18. Qe2 Qf6 19. Nh2 Nxh2 20. Kxh2 h5 21. f4
Qg6 22. Qf2 Ra8 23. b5 axb5 24. axb5 Rxa1 25. Rxa1 Nd8 26. fxe5 dxe5 27. Rf1
Rg7 28. Qf3 Qg5 29. Rf2 h4 30. g4 Ke7 31. Kh3 f6 32. Qf5 Rg6 33. Qf3 Rg7 34. d4
Ne6 35. Bxe6 Kxe6 36. Qf5+ Qxf5 37. Rxf5 c6 38. dxe5 fxe5 39. bxc6 bxc6 40.
Kxh4 Ra7 41. g5 Ra4 42. Rf6+ Kd7 43. g6 Rxe4+ 44. Kg3 Re1 45. Kf2 Re4 46. Rf7+
Ke6 47. Rc7 Kd6 48. g7 Rg4 1/2-1/2

[Event "Ì15Ï"]
[Site "Loo"]
[Date "2017.04.25"]
[Round "6.20"]
[White "Áðàò÷èêîâ, Âëàäèñëàâ."]
[Black "Ïîíòèñ, Ñòàíèñëàâ."]
[Result "1-0"]
[WhiteElo "1894"]
[BlackElo "1693"]
[PlyCount "69"]
[EventDate "2017.04.20"]

1. d4 Nf6 2. Nf3 g6 3. Bg5 Bg7 4. e3 O-O 5. Be2 c5 6. O-O b6 7. c4 Bb7 8. Nc3
Ne4 9. Nxe4 Bxe4 10. Qb3 cxd4 11. exd4 d6 12. Qe3 f5 13. Nd2 Nc6 14. Nxe4 Bxd4
15. Qd3 fxe4 16. Qxe4 Qc7 17. Bf3 Rac8 18. Bg4 Rce8 19. Be6+ Kh8 20. Bd5 Bxb2
21. Bxc6 Bxa1 22. Bxe8 Be5 23. Bc6 Bxh2+ 24. Kh1 Rf5 25. f4 Bg3 26. Rf3 h6 27.
Rxg3 hxg5 28. Rxg5 Rxg5 29. fxg5 Kg7 30. Be8 e5 31. Qxg6+ Kf8 32. Qh6+ Kg8 33.
g6 Qg7 34. Qxg7+ Kxg7 35. Kg1 1-0

[Event "Ì15Ï"]
[Site "Loo"]
[Date "2017.04.25"]
[Round "6.21"]
[White "Ãàðèôçÿíîâ, Íèÿç."]
[Black "Àíèñèìîâ, Àðòåì."]
[Result "1/2-1/2"]
[WhiteElo "1874"]
[BlackElo "1683"]
[PlyCount "79"]
[EventDate "2017.04.20"]

1. d4 Nf6 2. c4 c5 3. d5 e6 4. Nc3 exd5 5. cxd5 d6 6. Nf3 g6 7. Bf4 Bg7 8. e3
O-O 9. Be2 a6 10. a4 Bg4 11. h3 Bxf3 12. Bxf3 Qc7 13. O-O Nbd7 14. Rc1 Rab8 15.
b4 b5 16. axb5 axb5 17. bxc5 Nxc5 18. Be2 Qd7 19. Nxb5 Rxb5 20. Bxb5 Qxb5 21.
Bxd6 Rc8 22. Bxc5 Rxc5 23. Rxc5 Qxc5 24. d6 Qc6 25. Qd3 Bf8 26. Rd1 Qd7 27. Kh1
Ne8 28. e4 Qxd6 29. Qxd6 Bxd6 30. g3 h5 31. h4 Bc5 32. Kg2 Kf8 33. Rd5 Bb6 34.
Rb5 Bc7 35. f3 Ke7 36. Rb2 Bd6 37. Ra2 Ke6 38. Rd2 f5 39. Rd5 Ng7 40. Kf2
1/2-1/2

[Event "Ì15Ï"]
[Site "Loo"]
[Date "2017.04.25"]
[Round "6.22"]
[White "Øèëüíèêîâ, Àíòîí."]
[Black "Ñîëîäÿíêèí, Òèìîôåé."]
[Result "1/2-1/2"]
[WhiteElo "1757"]
[BlackElo "1867"]
[PlyCount "92"]
[EventDate "2017.04.20"]

1. e4 c5 2. Nf3 d6 3. d4 cxd4 4. Nxd4 Nf6 5. Nc3 g6 6. Bc4 Bg7 7. Be3 O-O 8. f3
Nc6 9. Qd2 Bd7 10. O-O-O Ne5 11. Bb3 Rc8 12. h4 h5 13. Bh6 Nc4 14. Bxc4 Rxc4
15. Bxg7 Kxg7 16. g4 Qa5 17. g5 Ng8 18. Nb3 Qa6 19. e5 d5 20. Nxd5 Be6 21. Nc3
Rfc8 22. Kb1 b5 23. Rc1 Qb6 24. Ne2 b4 25. Ned4 a5 26. Qe3 Kh7 27. Rhe1 a4 28.
Nxe6 Qxe3 29. Rxe3 axb3 30. axb3 Rxh4 31. f4 fxe6 32. Re4 Rb8 33. Rf1 Rh2 34.
Rc4 Kg7 35. Rd4 Kf7 36. Rc4 Rd2 37. Kc1 Rd7 38. Rd1 Rdb7 39. Rd3 Nf6 40. exf6
exf6 41. Kd2 Ke7 42. Rc5 fxg5 43. Rxg5 Kf6 44. Ke3 Rb5 45. Rxb5 Rxb5 46. Ke4
Rd5 1/2-1/2

[Event "Ì15Ï"]
[Site "Loo"]
[Date "2017.04.25"]
[Round "6.23"]
[White "Êîðîëåâ, Êèðèëë."]
[Black "Àéðàïåòÿí, Òèãðàí."]
[Result "0-1"]
[WhiteElo "1854"]
[BlackElo "1683"]
[PlyCount "60"]
[EventDate "2017.04.20"]

1. f4 d5 2. Nf3 Nf6 3. e3 e6 4. b3 Be7 5. Bb2 O-O 6. Be2 c5 7. O-O b6 8. Ne5
Bb7 9. d3 Nbd7 10. Nd2 Nxe5 11. Bxe5 d4 12. exd4 cxd4 13. Nf3 Ng4 14. Qd2 f6
15. Nxd4 Nxe5 16. Nxe6 Qd5 17. Rf2 Qxe6 18. fxe5 Qxe5 19. d4 Qg5 20. Bc4+ Kh8
21. Qe2 Bd6 22. Qe6 Rad8 23. g3 Bc8 24. Qe4 f5 25. Qc6 f4 26. Raf1 Bh3 27. Re1
fxg3 28. Rxf8+ Rxf8 29. Be6 gxh2+ 30. Kh1 Bxe6 0-1

[Event "Ì15Ï"]
[Site "Loo"]
[Date "2017.04.25"]
[Round "6.24"]
[White "Àáäóðàèìîâ, Ýñìåò."]
[Black "Ãðèøèí, Ïàâåë."]
[Result "0-1"]
[WhiteElo "1720"]
[BlackElo "1840"]
[PlyCount "106"]
[EventDate "2017.04.20"]

1. e4 g6 2. d4 Bg7 3. Nf3 d6 4. Nc3 Nf6 5. Be2 O-O 6. h3 c6 7. a4 a5 8. O-O
Nbd7 9. Be3 e5 10. dxe5 dxe5 11. Qd2 Qc7 12. Rfd1 Re8 13. Bc4 Nf8 14. Bc5 Nh5
15. Qe3 Be6 16. Bxe6 Rxe6 17. Bb6 Qe7 18. Rd2 Nf4 19. Rad1 Bh6 20. Kh2 Kg7 21.
Bd8 Qb4 22. Bg5 Bxg5 23. Nxg5 Ree8 24. b3 N4e6 25. Nf3 f6 26. Ne2 Rad8 27. Nc1
Rxd2 28. Rxd2 Qc5 29. Qe1 Rd8 30. Nd3 Qc3 31. Qd1 Nd4 32. Nxd4 Rxd4 33. f3 Ne6
34. Re2 Nf4 35. Re3 Nxd3 36. Rxd3 Rxd3 37. cxd3 Kf7 38. Kg3 Ke6 39. Kf2 f5 40.
exf5+ gxf5 41. g4 Qb2+ 42. Kg3 f4+ 43. Kh4 Qg2 44. d4 Qf2+ 45. Kh5 Qxd4 46. Qc2
e4 47. fxe4 f3 48. e5 Qxe5+ 49. g5 Qf5 50. Qc4+ Ke7 51. Kh4 f2 52. Qf1 Qf4+ 53.
Kh5 Qe3 0-1

[Event "Ì15Ï"]
[Site "Loo"]
[Date "2017.04.25"]
[Round "6.25"]
[White "Ãàâðèëèí, Ðîìàí."]
[Black "Áóþêëè, Åãîð."]
[Result "1-0"]
[WhiteElo "1668"]
[BlackElo "1823"]
[PlyCount "119"]
[EventDate "2017.04.20"]

1. d4 Nf6 2. Bf4 g6 3. e3 Bg7 4. Nf3 O-O 5. h3 d6 6. Be2 b6 7. O-O Bb7 8. Nbd2
Nbd7 9. c3 Re8 10. Bh2 e5 11. Nb3 Qe7 12. Re1 Ne4 13. Nfd2 Ng5 14. Nf3 Ne6 15.
a4 f5 16. a5 e4 17. Nfd2 Nf6 18. a6 Bc8 19. c4 g5 20. d5 Nc5 21. Nd4 Qf7 22. b4
Nxa6 23. Qb3 f4 24. Ne6 fxe3 25. fxe3 Bh8 26. Rf1 Qg6 27. Rxa6 Rxe6 28. dxe6
Bxa6 29. e7 Bb7 30. c5+ Bd5 31. Rxf6 Bxb3 32. Rxg6+ hxg6 33. Nxb3 Kf7 34. cxd6
cxd6 35. Bxd6 Ke6 36. Bb5 Kxd6 37. e8=Q Rxe8 38. Bxe8 Kd5 39. b5 Kc4 40. Nd4
Bf6 41. Bxg6 Bxd4 42. exd4 Kxb5 43. Kf2 a5 44. Bxe4 Kc4 45. Ke3 a4 46. Bd3+ Kd5
47. Bb1 b5 48. Ba2+ Kd6 49. Kd3 b4 50. Kc4 b3 51. Bxb3 axb3 52. Kxb3 Kd5 53.
Kc3 Ke4 54. Kc4 Kf4 55. d5 Kg3 56. d6 Kxg2 57. d7 Kxh3 58. d8=Q g4 59. Qh8+ Kg2
60. Kd3 1-0

[Event "Ì15Ï"]
[Site "Loo"]
[Date "2017.04.25"]
[Round "6.26"]
[White "Ãåéí, Âëàäèìèð."]
[Black "Æóðàâëåâ, Èãíàò."]
[Result "1-0"]
[WhiteElo "1822"]
[BlackElo "1638"]
[PlyCount "61"]
[EventDate "2017.04.20"]

1. d4 d5 2. c4 e6 3. Nc3 Nf6 4. cxd5 exd5 5. Bg5 c6 6. e3 Be7 7. Bd3 Nbd7 8.
Nge2 Nh5 9. Bxe7 Qxe7 10. O-O O-O 11. Qc2 h6 12. Rab1 a5 13. a3 Qd6 14. b4 Rd8
15. f3 Nhf6 16. h3 Nf8 17. e4 Qe7 18. e5 Ne8 19. f4 f6 20. Ng3 fxe5 21. fxe5
Ne6 22. Nf5 Qg5 23. Qf2 N8c7 24. h4 Qh5 25. Ne7+ Kh8 26. Ng6+ Kg8 27. Ne7+ Kh8
28. Ng6+ Kg8 29. Qf7+ Kh7 30. Ne7+ Kh8 31. Qxh5 1-0

[Event "Ì15Ï"]
[Site "Loo"]
[Date "2017.04.25"]
[Round "6.27"]
[White "Âèíîêóð, Ëåîíèä."]
[Black "Êîïòåâ, Ðóñëàí."]
[Result "0-1"]
[WhiteElo "1572"]
[BlackElo "1814"]
[PlyCount "98"]
[EventDate "2017.04.20"]

1. d4 Nf6 2. Nf3 c5 3. d5 b5 4. g3 Bb7 5. Bg2 Bxd5 6. Nc3 Bc6 7. O-O b4 8. Nb1
e6 9. b3 d5 10. Ne5 Bb7 11. c4 Be7 12. Bb2 O-O 13. e3 Nbd7 14. Nd2 Nxe5 15.
Bxe5 Nd7 16. Bb2 Bf6 17. Bxf6 Nxf6 18. Qe2 Qb6 19. Rfd1 Rac8 20. f4 Ba6 21. g4
dxc4 22. bxc4 Bb7 23. g5 Nd7 24. Rf1 Rfd8 25. Qh5 Bxg2 26. Kxg2 Ne5 27. fxe5
Rxd2+ 28. Kg1 Qb7 29. Qg4 Rcd8 30. Rad1 Rxd1 31. Rxd1 Qc7 32. Qf3 Rxd1+ 33.
Qxd1 Kf8 34. Qf3 a5 35. Qe4 Ke7 36. Kf2 a4 37. Qc2 Qxe5 38. Qxa4 Qxg5 39. Qa7+
Kf6 40. Qc7 Qe5 41. Qd8+ Kg6 42. Qh4 Qf6+ 43. Qxf6+ Kxf6 44. Kf3 Kf5 45. h4 h5
46. Kf2 Ke4 47. Ke2 f6 48. Kd2 g5 49. hxg5 fxg5 0-1

[Event "Ì15Ï"]
[Site "Loo"]
[Date "2017.04.25"]
[Round "6.28"]
[White "Êàðàâàåâ, Àëåêñàíäð."]
[Black "Ñòåïàíîâ, Ñåðãåé."]
[Result "1-0"]
[WhiteElo "1794"]
[BlackElo "1406"]
[PlyCount "37"]
[EventDate "2017.04.20"]

1. e4 e5 2. Nf3 Nc6 3. Bc4 Nf6 4. d3 h6 5. h3 Bc5 6. c3 O-O 7. Nbd2 d5 8. exd5
Nxd5 9. Ne4 Bb6 10. O-O Nf6 11. Ng3 Qd6 12. Nh4 Ne7 13. Qf3 Qd7 14. Bxh6 gxh6
15. Qxf6 Kh7 16. Nh5 Rg8 17. Qxf7+ Kh8 18. Nf6 Rg7 19. Qf8+ 1-0

[Event "Ì15Ï"]
[Site "Loo"]
[Date "2017.04.25"]
[Round "6.29"]
[White "Ëåáåäåâ, Ìàòâåé."]
[Black "Íîâèêîâ, Ðîìàí."]
[Result "0-1"]
[WhiteElo "1189"]
[BlackElo "1781"]
[PlyCount "128"]
[EventDate "2017.04.20"]

1. d4 Nf6 2. c4 e6 3. Nf3 d5 4. Bf4 Nbd7 5. e3 c6 6. Nc3 Bb4 7. Bd3 dxc4 8.
Bxc4 Qa5 9. Qb3 Nd5 10. Bxd5 exd5 11. a3 Be7 12. O-O Qb6 13. Qc2 Nf6 14. h3 O-O
15. b4 Re8 16. Rab1 Qd8 17. a4 g6 18. b5 Bf5 19. Qb3 Bxb1 20. Rxb1 Nh5 21. Bh2
Bd6 22. Bxd6 Qxd6 23. Ne5 Rab8 24. e4 Nf6 25. exd5 Nxd5 26. Ne4 Qc7 27. Rc1 Qe7
28. Nc5 Qg5 29. Qc4 Re7 30. g3 Nf4 31. Kh2 Rd8 32. Re1 Qf5 33. g4 Qc8 34. bxc6
bxc6 35. Ne4 Qe6 36. Qc5 Rd5 37. Qc3 Kg7 38. Kg3 Rxe5 39. dxe5 Nd5 40. Qa1
Qxe5+ 41. Qxe5+ Rxe5 42. f4 Re7 43. Re2 f5 44. Nc3 Rxe2 45. Nxe2 c5 46. Kf3 Kf6
47. g5+ Ke6 48. Nc1 Nc3 49. a5 c4 50. Ne2 Nxe2 51. Kxe2 Kd5 52. Ke3 a6 53. Kd2
Kd4 54. Kc2 Kc5 55. Kc3 Kb5 56. Kd4 Kb4 57. Kd5 c3 58. Kc6 c2 59. Kb6 c1=Q 60.
Kxa6 Qc6+ 61. Ka7 Kxa5 62. Kb8 Qd7 63. h4 Kb6 64. Ka8 Qb7# 0-1

[Event "Ì15Ï"]
[Site "Loo"]
[Date "2017.04.25"]
[Round "6.30"]
[White "Èâàíîâ, Èëüÿ."]
[Black "Èâëåâ, Àëåêñàíäð."]
[Result "0-1"]
[WhiteElo "1498"]
[BlackElo "1778"]
[PlyCount "66"]
[EventDate "2017.04.20"]

1. d4 Nf6 2. c4 e6 3. Nf3 b6 4. g3 Bb7 5. Bg2 Be7 6. O-O O-O 7. Nc3 d5 8. b3
Nbd7 9. Bb2 Rc8 10. Ne5 c6 11. f4 Qc7 12. Rc1 Ne8 13. cxd5 Nxe5 14. dxe5 cxd5
15. e4 Bc5+ 16. Kh1 dxe4 17. Nxe4 Qb8 18. Nxc5 bxc5 19. Bxb7 Qxb7+ 20. Qf3 Qb5
21. Rc4 Nc7 22. Rfc1 Na6 23. Ba3 Rc7 24. Qf2 Rfc8 25. Rd1 h6 26. Rd6 Rc6 27.
Rxc6 Qxc6+ 28. Kg1 Rd8 29. Rc1 Qe4 30. Bxc5 Nxc5 31. Qxc5 Rd2 32. Qc8+ Kh7 33.
Qc6 Qe2 0-1

[Event "Ì15Ï"]
[Site "Loo"]
[Date "2017.04.25"]
[Round "6.31"]
[White "Ðîëüãåéçåð, Ìàðòèí."]
[Black "Èñìàèëîâ, Àìèð."]
[Result "1-0"]
[WhiteElo "1694"]
[BlackElo "1893"]
[PlyCount "73"]
[EventDate "2017.04.20"]

1. e4 c5 2. Nf3 d6 3. d4 cxd4 4. Nxd4 Nf6 5. Nc3 a6 6. Be2 e5 7. Nb3 Be7 8. Be3
Be6 9. g4 Nc6 10. g5 Nd7 11. Qd2 Qc7 12. O-O-O O-O-O 13. Nd5 Bxd5 14. exd5 Ncb8
15. Bg4 h5 16. Bh3 Rdf8 17. Qb4 Kd8 18. Rd3 b6 19. Rc3 Nc5 20. Kb1 f5 21. gxf6
Rxf6 22. a4 a5 23. Qb5 Nbd7 24. Bxd7 Qxd7 25. Qxb6+ Qc7 26. Qxa5 Qxa5 27. Nxa5
Ne4 28. Bb6+ Ke8 29. Rc8+ Kf7 30. Rxh8 Nxf2 31. Bxf2 Rxf2 32. Nc6 Bf6 33. a5 e4
34. Re1 Rf5 35. a6 g6 36. Rb8 Rxd5 37. a7 1-0

[Event "Ì15Ï"]
[Site "Loo"]
[Date "2017.04.25"]
[Round "6.32"]
[White "Ãàâðèëåíêî, Äàíèèë."]
[Black "Ãàëè÷êèí, Èëüÿ."]
[Result "1/2-1/2"]
[WhiteElo "1546"]
[BlackElo "1851"]
[PlyCount "51"]
[EventDate "2017.04.20"]

1. d4 Nf6 2. c4 e6 3. g3 d5 4. Nf3 Be7 5. Bg2 O-O 6. O-O b6 7. Nc3 Bb7 8. Ne5
Nbd7 9. Bf4 c6 10. Rc1 Nh5 11. cxd5 cxd5 12. Qa4 Nxe5 13. Bxe5 f6 14. Bf4 Nxf4
15. gxf4 a6 16. e3 Qd6 17. Rc2 Rfc8 18. Rfc1 Rc4 19. Qb3 b5 20. a3 Rac8 21. Bf1
R4c6 22. Bg2 Rc4 23. Bf1 R4c6 24. Bg2 Rc4 25. Bf1 R4c6 26. Bg2 1/2-1/2

[Event "Ì15Ï"]
[Site "Loo"]
[Date "2017.04.25"]
[Round "6.33"]
[White "Äîí, Àëåêñàíäð."]
[Black "Åðîõèí, Àðòåì."]
[Result "1-0"]
[WhiteElo "1836"]
[BlackElo "1705"]
[PlyCount "89"]
[EventDate "2017.04.20"]

1. e4 c5 2. Nf3 Nc6 3. d4 cxd4 4. Nxd4 g6 5. Be3 Bg7 6. Be2 Nf6 7. Nc3 O-O 8.
O-O d5 9. exd5 Nxd5 10. Nxd5 Qxd5 11. Bf3 Qd8 12. Nxc6 bxc6 13. Bxc6 Qxd1 14.
Rfxd1 Rb8 15. Bxa7 Rxb2 16. a4 Rxc2 17. Rac1 Ra2 18. Bb6 Ba6 19. a5 Rc8 20. g3
Bh6 21. Rc5 e6 22. Bf3 Rxc5 23. Bxc5 Bd2 24. Bb6 Bxa5 25. Rd8+ Kg7 26. Bd4+ Kh6
27. Rg8 Bb6 28. Bg7+ Kg5 29. h4+ Kf5 30. Rf8 Bxf2+ 31. Kh1 e5 32. Rxf7+ Ke6 33.
Rf6+ Ke7 34. Bd5 Ra1+ 35. Kg2 Bd4 36. Re6+ Kd7 37. Bxe5 Bxe5 38. Rxe5 Kd6 39.
Rg5 Bd3 40. Bf3 Bf5 41. g4 h6 42. gxf5 hxg5 43. fxg6 gxh4 44. g7 h3+ 45. Kxh3
1-0

[Event "Ì15Ï"]
[Site "Loo"]
[Date "2017.04.25"]
[Round "6.34"]
[White "Âëàñîâ, Àëåêñàíäð."]
[Black "Áîéêî, Èãîðü."]
[Result "1-0"]
[WhiteElo "1808"]
[BlackElo "1649"]
[PlyCount "119"]
[EventDate "2017.04.20"]

1. Nf3 d5 2. d4 Nf6 3. e3 e6 4. Nbd2 c5 5. b3 Be7 6. Bb2 Nc6 7. a3 O-O 8. Bd3
b6 9. O-O Bb7 10. Ne5 Bd6 11. f4 Ne7 12. Rf3 Ne4 13. Rh3 f6 14. Bxe4 dxe4 15.
Nec4 Bc7 16. dxc5 b5 17. Nd6 Bxd6 18. cxd6 Qxd6 19. Qe2 a6 20. b4 Rac8 21. Nb3
Rcd8 22. Bd4 Bd5 23. Bc5 Qc7 24. Nd4 e5 25. fxe5 Qxe5 26. Rh5 Qc7 27. Nf5 Nxf5
28. Bxf8 g6 29. Rxf5 gxf5 30. Bc5 Bc4 31. Qf2 Qd7 32. Bd4 Qe6 33. Rd1 h6 34.
Rd2 Kh7 35. Qh4 Rd6 36. h3 Rd7 37. c3 Qd6 38. Rf2 Be6 39. Qxf6 Rf7 40. Qh4 Qe7
41. Qg3 Qc7 42. Qh4 Qe7 43. Qh5 Qg5 44. Qe2 Bc4 45. Qd2 Bd3 46. Rf4 Qg3 47. Qf2
Qxf2+ 48. Kxf2 Kg6 49. g4 Bc4 50. Kg3 h5 51. gxh5+ Kxh5 52. Rh4+ Kg5 53. Rh8
Rd7 54. h4+ Kg6 55. Kf4 Rd5 56. h5+ Kf7 57. Rh7+ Kg8 58. Rb7 Kf8 59. h6 Rd8 60.
Bc5+ 1-0

[Event "Ì15Ï"]
[Site "Loo"]
[Date "2017.04.25"]
[Round "6.35"]
[White "Êóìàêîâ, Èâàí."]
[Black "Ùåïåòîâ, Ìàêñèì."]
[Result "1-0"]
[WhiteElo "1783"]
[BlackElo "1600"]
[PlyCount "35"]
[EventDate "2017.04.20"]

1. d4 Nf6 2. Bg5 Ne4 3. Bf4 g6 4. f3 Nf6 5. e4 d6 6. Nc3 Nbd7 7. Qd2 Bg7 8.
O-O-O O-O 9. g4 e6 10. h4 Qe7 11. Bg5 Qe8 12. Nb5 e5 13. Nxc7 Qe7 14. Nxa8 exd4
15. Nc7 Qe5 16. Bf4 Qc5 17. Nb5 Ne5 18. Nxd4 1-0

[Event "Ì15Ï"]
[Site "Loo"]
[Date "2017.04.25"]
[Round "6.36"]
[White "Çàêèðîâ, Àðòóð."]
[Black "Äàíçàíäîðæèåâ, Áóëàò."]
[Result "1-0"]
[WhiteElo "1619"]
[BlackElo "1754"]
[PlyCount "67"]
[EventDate "2017.04.20"]

1. e4 c5 2. Nf3 e6 3. d4 cxd4 4. Nxd4 a6 5. Nc3 Qc7 6. Qf3 Nc6 7. Nxc6 bxc6 8.
Be3 Nf6 9. O-O-O Bb7 10. Bd4 Be7 11. Bd3 O-O 12. e5 c5 13. Qh3 Nh5 14. Bxh7+
Kxh7 15. Qxh5+ Kg8 16. Be3 d5 17. exd6 Bxd6 18. Kb1 Be5 19. Na4 Rfc8 20. Nxc5
Bd5 21. Qe2 Rab8 22. b3 Qa5 23. Nd7 Qc3 24. Nxe5 Qxe5 25. Rhe1 Be4 26. Bd4
Bxc2+ 27. Qxc2 Qxh2 28. Qb2 Qxg2 29. Rg1 Qe4+ 30. Ka1 g6 31. Rh1 e5 32. Bxe5
Kf8 33. Bg7+ Ke7 34. Rhe1 1-0

[Event "Ì15Ï"]
[Site "Loo"]
[Date "2017.04.25"]
[Round "6.37"]
[White "Ëèñèìåíêî, Ðóñëàí."]
[Black "Äîðîôååâ, Äåíèñ."]
[Result "1/2-1/2"]
[WhiteElo "1733"]
[BlackElo "1581"]
[PlyCount "125"]
[EventDate "2017.04.20"]

1. c4 c5 2. Nc3 Nc6 3. g3 g6 4. Bg2 Bg7 5. d3 e5 6. e4 Nge7 7. Nge2 O-O 8. O-O
f5 9. Be3 d6 10. Rb1 a5 11. a3 h6 12. Qd2 Kh7 13. f4 Rb8 14. Nd5 b5 15. Nxe7
Nxe7 16. cxb5 exf4 17. Bxf4 Rxb5 18. Nc3 Rb8 19. exf5 Bxf5 20. Ne4 Nc8 21. b4
cxb4 22. axb4 Qb6+ 23. Be3 Bd4 24. Rfe1 axb4 25. Bxd4 Qxd4+ 26. Qf2 Qxd3 27. g4
Bxe4 28. Qxf8 Qd4+ 29. Kh1 Bxb1 30. Rxb1 Qg7 31. Qd8 b3 32. Bd5 b2 33. Bg8+
Qxg8 34. Qc7+ Kh8 35. Qxb8 Qd5+ 36. Kg1 Qd4+ 37. Kg2 Qxg4+ 38. Kf2 Qd4+ 39. Kg3
Qd3+ 40. Kg2 Qxb1 41. Qxc8+ Kg7 42. Qd7+ Kf6 43. Qxd6+ Kg5 44. Qe5+ Qf5 45.
Qxb2 Qe4+ 46. Kf2 Qf4+ 47. Kg2 Kh4 48. Qc2 Qg4+ 49. Kh1 Qf3+ 50. Kg1 g5 51. Qd2
h5 52. Qe1+ Kh3 53. Qd2 g4 54. Qc2 g3 55. Qc8+ Qg4 56. Qxg4+ hxg4 57. Kh1 Kh4
58. Kg2 gxh2 59. Kxh2 g3+ 60. Kg2 Kg4 61. Kg1 Kf4 62. Kg2 Kg4 63. Kg1 1/2-1/2

[Event "Ì15Ï"]
[Site "Loo"]
[Date "2017.04.25"]
[Round "6.38"]
[White "Áàëàøîâ, Åãîð."]
[Black "Áàáàÿí, Àðìàí."]
[Result "1-0"]
[WhiteElo "1729"]
[BlackElo "1531"]
[PlyCount "47"]
[EventDate "2017.04.20"]

1. d4 Nf6 2. Nf3 g6 3. Bg5 Bg7 4. c3 d6 5. Nbd2 Bf5 6. Bxf6 Bxf6 7. e4 Bg4 8.
Qb3 Qc8 9. e5 dxe5 10. dxe5 Be6 11. Bc4 Bxc4 12. Qxc4 Bg7 13. e6 Qxe6+ 14. Qxe6
fxe6 15. Ng5 Na6 16. Nxe6 Bf6 17. O-O-O Kf7 18. Rhe1 b5 19. Ne4 h6 20. Nxf6
Kxf6 21. Rd7 Rhe8 22. h4 Rac8 23. Rd3 Kf7 24. Re4 1-0

[Event "Ì15Ï"]
[Site "Loo"]
[Date "2017.04.25"]
[Round "6.39"]
[White "Ïðèøèáèëîâè÷, Ìàòâåé."]
[Black "Ùåïåòíîâ, Åãîð."]
[Result "1-0"]
[WhiteElo "1664"]
[BlackElo "1711"]
[PlyCount "51"]
[EventDate "2017.04.20"]

1. d4 c5 2. d5 e5 3. c4 d6 4. Nc3 g6 5. e4 Bg7 6. Be2 Ne7 7. g4 O-O 8. g5 a6 9.
Be3 Nd7 10. Qd2 Qa5 11. h4 Rb8 12. a4 Nb6 13. b3 Nd7 14. h5 f5 15. gxf6 Nxf6
16. O-O-O Bd7 17. hxg6 Nxg6 18. f3 Nf4 19. Bxf4 exf4 20. Kc2 Qb4 21. Nh3 h6 22.
Nxf4 Nxe4 23. Nxe4 Qa3 24. Nc3 Rxf4 25. Qxf4 Qb4 26. Qd2 1-0

[Event "Ì15Ï"]
[Site "Loo"]
[Date "2017.04.25"]
[Round "6.40"]
[White "Êðèâè÷, Èëüÿ."]
[Black "Íîâèêîâ, Àëåêñåé."]
[Result "0-1"]
[WhiteElo "1546"]
[BlackElo "1927"]
[PlyCount "70"]
[EventDate "2017.04.20"]

1. d4 Nf6 2. c4 g6 3. Nc3 Bg7 4. e4 d6 5. f3 O-O 6. Be3 Nc6 7. Qd2 a6 8. Nge2
Na5 9. Nc1 Nd7 10. Nb3 Nxb3 11. axb3 e5 12. d5 f5 13. Be2 fxe4 14. Nxe4 Nf6 15.
O-O Bf5 16. Ng3 Bd7 17. b4 Qe8 18. c5 Bb5 19. Bxb5 Qxb5 20. Rfc1 b6 21. Ne4
Nxe4 22. fxe4 bxc5 23. bxc5 Rab8 24. Rcb1 Qc4 25. Re1 Rb3 26. Rac1 Qb5 27. cxd6
cxd6 28. Rc6 Rxb2 29. Qc1 Re2 30. Rxd6 Qd3 31. Rxe2 Qxe2 32. Rc6 Bh6 33. Bxh6
Qf2+ 34. Kh1 Qf1+ 35. Qxf1 Rxf1# 0-1

[Event "Ì15Ï"]
[Site "Loo"]
[Date "2017.04.25"]
[Round "6.41"]
[White "Ïàâëè÷åíêî, Íèêèòà."]
[Black "Êëûêîâ, Ãåîðãèé."]
[Result "0-1"]
[WhiteElo "1539"]
[BlackElo "1737"]
[PlyCount "118"]
[EventDate "2017.04.20"]

1. d4 Nf6 2. Bf4 d5 3. Nf3 Bf5 4. c4 c6 5. e3 e6 6. Nc3 Be7 7. h3 O-O 8. Be2
Nbd7 9. Ne5 Nxe5 10. Bxe5 Nd7 11. Bh2 dxc4 12. Bxc4 Nb6 13. Bd3 Bxd3 14. Qxd3
c5 15. Rd1 cxd4 16. Qxd4 Qxd4 17. Rxd4 Bf6 18. Rb4 Rac8 19. O-O Bxc3 20. bxc3
Rxc3 21. Be5 Rc2 22. Rb2 Rxb2 23. Bxb2 Rc8 24. Rc1 Rxc1+ 25. Bxc1 a6 26. Kf1
Kf8 27. Ke2 Ke7 28. Kd3 Nd7 29. Ba3+ Kd8 30. Bb2 f6 31. g4 g6 32. f4 Kc7 33. h4
f5 34. gxf5 exf5 35. Kd4 Kd6 36. Ba3+ Ke6 37. Bb4 b6 38. a4 Nb8 39. Bc3 Nc6+
40. Kc4 Ne7 41. Be5 Nd5 42. Bd4 Kd6 43. Be5+ Kc6 44. Bd4 b5+ 45. axb5+ axb5+
46. Kb3 Nb6 47. Kc3 Nc4 48. Ba7 Nd6 49. Kd4 Nc4 50. Bc5 Nd2 51. Bb4 Nf3+ 52.
Kd3 Kd5 53. Ke2 Nh2 54. Kd3 Ng4 55. Ba5 Nh6 56. Kc3 Ke4 57. Bb6 Ng4 58. Kd2 Kd5
59. Ba5 Kc4 0-1

[Event "Ì15Ï"]
[Site "Loo"]
[Date "2017.04.25"]
[Round "6.42"]
[White "Åôàíîâ, Àëåêñåé."]
[Black "Äçàãîâ, Êàìáóëàò."]
[Result "0-1"]
[WhiteElo "1567"]
[BlackElo "1727"]
[PlyCount "162"]
[EventDate "2017.04.20"]

1. e4 d5 2. exd5 Qxd5 3. Nc3 Qa5 4. d4 Nf6 5. Nf3 Bg4 6. Be2 Nc6 7. O-O O-O-O
8. Be3 e5 9. Ng5 Bxe2 10. Nxe2 exd4 11. Bd2 Qd5 12. h4 h6 13. Nf4 Qd7 14. Ngh3
Bc5 15. Nd3 Bb6 16. Qf3 Rhe8 17. Rfe1 Ng4 18. Qg3 f5 19. Kf1 Na5 20. b3 Nc6 21.
Ng1 Re6 22. Rxe6 Qxe6 23. Re1 Qg6 24. Ne2 Re8 25. Nef4 Rxe1+ 26. Kxe1 Qe8+ 27.
Kd1 Nce5 28. f3 Nxd3 29. fxg4 Nxf4 30. Qxf4 fxg4 31. Qxg4+ Qd7 32. Qf3 Qe7 33.
Qf5+ Kb8 34. Qh7 Bc5 35. Bxh6 a6 36. Qxg7 Qxh4 37. Bd2 Qh1+ 38. Ke2 Qh5+ 39.
Ke1 Qf5 40. Qg8+ Ka7 41. Qc4 d3 42. cxd3 Bf2+ 43. Kd1 Qe5 44. Bc3 Qh5+ 45. Kd2
Qg5+ 46. Kd1 Qh5+ 47. Kd2 Qg5+ 48. Kd1 Qxg2 49. Bd4+ Bxd4 50. Qxd4+ b6 51. Qe5
Kb7 52. Qd4 Qxa2 53. Qd5+ Ka7 54. Qc4 Qa1+ 55. Kc2 Qa2+ 56. Kc3 Qa1+ 57. Kc2
Qe5 58. d4 Qh2+ 59. Kc3 Qg3+ 60. Kb2 Qf2+ 61. Kc1 Qe1+ 62. Kc2 Qe4+ 63. Kd2 Kb7
64. Kc1 Qc6 65. Qxc6+ Kxc6 66. Kc2 Kb5 67. Kc3 a5 68. Kc2 Kb4 69. Kb2 b5 70.
Kc2 a4 71. bxa4 bxa4 72. Kb2 c6 73. Ka2 a3 74. Kb1 Kc4 75. Ka2 Kxd4 76. Kxa3
Kc3 77. Ka4 c5 78. Ka3 c4 79. Ka2 Kc2 80. Ka1 c3 81. Ka2 Kd2 0-1

[Event "Ì15Ï"]
[Site "Loo"]
[Date "2017.04.25"]
[Round "6.44"]
[White "Ãóëèåâ, Ðîìàí."]
[Black "Áåçóõîâ, Àëåêñàíäð."]
[Result "1-0"]
[WhiteElo "1680"]
[BlackElo "1564"]
[PlyCount "71"]
[EventDate "2017.04.20"]

1. d4 Nf6 2. c4 g6 3. Nc3 Bg7 4. e4 d6 5. Be3 O-O 6. Bg5 h6 7. Be3 e5 8. d5 c6
9. Qd2 cxd5 10. cxd5 Kh7 11. f3 Nh5 12. g4 Nf4 13. O-O-O Qa5 14. h4 Bd7 15. Kb1
Na6 16. Nh3 Rfc8 17. Nxf4 exf4 18. Bd4 Be5 19. Nb5 Qxd2 20. Rxd2 Bxb5 21. Bxb5
Bxd4 22. Rxd4 Nc5 23. b4 a6 24. bxc5 dxc5 25. Bd7 cxd4 26. Bxc8 Rxc8 27. Rc1
Re8 28. Rc7 Kg7 29. Kc2 Kf6 30. Kd3 Ke5 31. Rxf7 b5 32. Ra7 a5 33. Rxa5 Rc8 34.
Ra6 Re8 35. Rxg6 h5 36. gxh5 1-0

[Event "Ì15Ï"]
[Site "Loo"]
[Date "2017.04.25"]
[Round "6.45"]
[White "Êóçíåöîâ, Ñåðãåé."]
[Black "Åñèïîâ, Ãåííàäèé."]
[Result "1-0"]
[WhiteElo "1517"]
[BlackElo "1675"]
[PlyCount "95"]
[EventDate "2017.04.20"]

1. e4 Nf6 2. e5 Nd5 3. d4 d6 4. Nf3 Bg4 5. Be2 e6 6. c4 Nb6 7. Nc3 Be7 8. O-O
O-O 9. Be3 Nc6 10. exd6 cxd6 11. d5 exd5 12. cxd5 Bxf3 13. Bxf3 Ne5 14. Be2
Nbd7 15. f4 Ng6 16. Qe1 Bf6 17. Rb1 Re8 18. Qf2 b6 19. Bf3 Bxc3 20. bxc3 Nc5
21. Bxc5 dxc5 22. d6 Rc8 23. Rbd1 Qd7 24. Bg4 Qxg4 25. d7 Rcd8 26. dxe8=Q+ Rxe8
27. Rfe1 Rxe1+ 28. Rxe1 h6 29. f5 Nf4 30. Qf3 Qxf3 31. gxf3 Kf8 32. Re3 Nd5 33.
Rd3 Nf6 34. Kf2 Ke7 35. Ke3 Nd7 36. Ke4 Nb8 37. Kd5 Kd7 38. Rd1 Nc6 39. Rg1
Ne7+ 40. Ke4 g6 41. fxg6 fxg6 42. Ke5 g5 43. Rd1+ Kc6 44. c4 Nc8 45. Rd8 Kc7
46. Rh8 Nd6 47. Rh7+ Kc6 48. Rxh6 1-0